000 00381nam a2200145Ia 4500
008 090124s9999 xx 000 0 und d
082 _b201581
245 _a संधिप्रकाश
250 _a1
260 _bपै शिरीष
_c1968
300 _a148
630 _a संधिप्रकाश
730 _a संधिप्रकाश
942 _cBOOK
999 _c183162
_d183162